Η διδασκαλία των γεωγραφικών ποικιλιών σε ηλεκτρονικό περιβάλλον : το παράδειγμα του κρητικού ιδιώματος : μεταπτυχιακή εργασία

Αποθηκεύτηκε σε:
Λεπτομέρειες βιβλιογραφικής εγγραφής
Κύριος συγγραφέας: Λεμονιά, Αλεξάνδρα
Συγγραφή απο Οργανισμό/Αρχή: Πανεπιστήμιο Αιγαίου Σχολή Ανθρωπιστικών Επιστημών Παιδαγωγικό Τμήμα Δημοτικής Εκπαίδευσης Πρόγραμμα Μεταπτυχιακών Σπουδών Επιστήμες της Αγωγής - Εκπαίδευση με τη Χρήση Νέων Τεχνολογιών
Άλλοι συγγραφείς: Μιχάλης, Αθανάσιος (Εισηγητής διατριβής)
Μορφή: Thesis Βιβλίο
Γλώσσα:Greek
Δημοσίευση: 2010
Θέματα:
Διαθέσιμο Online:http://hdl.handle.net/11610/16328
Ετικέτες: Προσθήκη ετικέτας
Δεν υπάρχουν, Καταχωρήστε ετικέτα πρώτοι!

MARC

LEADER 00000cam a2200000 i 4500
001 1/8475
008 100616s2010 gre d
035 |l 10108265 
040 |a GR-MY-UA  |b gre  |e aacr 
041 0 |a gre 
082 0 |a 302.2242  |2 (22) 
100 1 |a Λεμονιά, Αλεξάνδρα. 
245 1 2 |a Η διδασκαλία των γεωγραφικών ποικιλιών σε ηλεκτρονικό περιβάλλον :  |b το παράδειγμα του κρητικού ιδιώματος : μεταπτυχιακή εργασία /  |c Λεμονιά Αλεξάνδρα ; επιβλέπων: Μιχάλης Αθανάσιος 
260 |c 2010 
300 |a 66 σ.;  |c 30 εκ. 
500 |a Μέλη εξεταστικής επιτροπής: Καζούλλη Βασιλεία, Παπαντωνάκης Γεώργιος 
502 |a Διατριβή (μεταπτυχιακή) – Πανεπιστήμιο Αιγαίου, Ρόδος, 2010. 
504 |a Βιβλιογραφία: σ. [67-81] 
650 0 0 |a Speech perception. 
650 0 0 |a Language  |x Study and teaching (Elementary) 
650 0 0 |a Technological innovations  |x Case studies. 
650 0 0 |a Dissertations, Academic  |z Greece. 
700 1 |a Μιχάλης, Αθανάσιος.  |4 ths 
710 2 |a Πανεπιστήμιο Αιγαίου  |b Σχολή Ανθρωπιστικών Επιστημών  |b Παιδαγωγικό Τμήμα Δημοτικής Εκπαίδευσης  |b Πρόγραμμα Μεταπτυχιακών Σπουδών Επιστήμες της Αγωγής - Εκπαίδευση με τη Χρήση Νέων Τεχνολογιών. 
852 |a INST  |b RHODES  |c DIATR  |e 20110406  |h 302.2242 ΛΕΜ  |p 005400032760  |q 005400032760  |t MTXE  |y 23 
852 |a INST  |b RHODES  |c DIATR  |e 20110406  |h 302.2242 ΛΕΜ  |p 005400032761  |q 005400032761  |t MTXE  |y 23 
856 |u http://hdl.handle.net/11610/16328 
901 |a BIBL4-2010-2 
909 |a Ρ  |b 163264 
909 |a Ρ  |b 163265 
924 |a ΛΕΜΟΝΙΑ  |b ΑΛΕΞΑΝΔΡΑ  |y ΡΟΔΟΣ  |z 2010-01 
970 |a ΚΟΖΑ  |b ΜΑΡΙΑ  |z 2010/06/16